000 00443nam a2200157Ia 4500
003 IQ-KOUCL
041 _aArabic
082 _a239,1 cut-922 و
100 _a20260118u\\\\\\\\\\\y0engy0103\\\\ba
100 _aالشيخ محمد بن عبدالوهاب
245 0 _aمختصر سيرة الرسول
250 _aط1
260 _bجمعية احياء التراث الاسلامي
_aالكويت
_c2022
300 _a576
942 _cBk
999 _c186340
_d186340